000 00523nam a2200217Ia 4500
005 20240409090031.0
008 140110s9999 xx 000 0 und d
020 _a9788176259395
_cRs.950.00
040 _aLoreto College
041 _aEnglish
082 _a515.4
_bRAW
100 _aRawat,K.S.
245 _aIntegral Calculus
_cK.S.Rawat
250 _a1st ed.
260 _aNew Delhi
_bSarup & Sons
_c2008
300 _a379p
650 _aIntegral Calculus
651 _aCalculus
850 _aLCLIB
942 _cBK
999 _c37451
_d87930